000 00475nam a2200193Ia 4500
003 GCL
008 140319s9999 xx 000 0 eng d
040 _aGCL /
_cGCL
082 0 4 _a792.028
_bD A
100 1 _aDUNNORE, SIMON
245 1 0 _aAN ACTOR'S GUIDE TO GETTING WORK /
_cDUNNORE, SIMON
260 _a[S.N] :
_bA AND C BLACK LIMITED ،
_c1996
300 _a213 P
650 0 4 _aARTS
650 0 4 _aARTISTS
650 0 4 _aACTING
650 0 4 _aACTORS
942 _2ddc
_cBK
999 _c16208
_d16208